00389nam a2200133Ia 45000010005000000080041000050200022000460820040000681000030001082450053001382600021001919010028002129990015002402701241024s9999 xx 000 0 und d a972-9945-974-75-8 aRD/972.93053/AC185d/1950-61/T.3-V.5 aed. Acosta Matos, Eliades 0aLa Dictadura de Trujillo. Documentos (1959-1961) bEd. Búhoc2012 a27/12/2012 4:12:58 p.m. c7566d7566